Combattants de Super Smash Bros #2 : Donkey Kong - Statistiques

Statistiques générales
  • Ce quiz a été pris 69 fois
  • Le résultat moyen est 10 sur 15
Statistiques - réponses
Question Réponse % Correct
Quelle est l'espèce animale de Donkey Kong ? Gorille
100%
Quel est l'aliment favori de Donkey Kong ? Les bananes
98%
Donkey est toujours nu mais il porte un vêtement. Lequel ? Une cravate
93%
En quelle année est-il apparu ? 1981
85%
Universal a fait un procès à Nintendo car Donkey Kong plagiait quel personnage ? King Kong
85%
À quel type de contenant Donkey Kong est-il souvent associé ? Les tonneaux
84%
Quel est le nom du jeu de plateformes ayant Donkey Kong comme personnage principal ? Donkey Kong Country
80%
Quelle princesse est capturée par Donkey dans Mario vs. Donkey Kong ? Pauline
80%
Qui est le grand-père de Donkey Kong ? Cranky Kong
79%
Dans Super Mario Kart, Donkey n'est pas jouable, mais un autre Kong l'est. Qui est-ce ? Donkey Kong Jr.
62%
Le plus grand exploit de Donkey est d'avoir projeté un objet céleste sur la Terre avec un seul coup de poing. Mais quel est cet objet céleste ? La Lune
52%
Quel instrument était une manette de GameCube pour un jeu Donkey Kong ? Des bongos
41%
Qui est la petite amie de Donkey Kong ? Candy Kong
39%
De quel dessin animé devait s'inspirer le premier jeu Donkey Kong ? Popeye
25%
Quel jeu vidéo a eu des figurines (non-amiibo) de Donkey Kong ? Skylanders : Superchargers
25%
Aucun quiz correspondant
Distribution des résultats
% des personnes avec chaque résultat
Percentile par nombre de réponses
Votre historique - résultats
Vous n’avez pas pris ce quiz